[Event "AUTO-OPEN-831"]
[Site "http://www.queenalice.com/game.php?id=272584"]
[Date "2007.9.16"]
[Round "1"]
[White "amore"]
[Black "Brodthuhn"]
[Result "0-1"]
[WhiteElo "1733"]
[BlackElo "2109"]

1. e4 e5 2. Nf3 Nc6 3. Bc4 Nf6 4. Qe2 Bc5 5. Bxf7+ Kxf7 6. Qc4+ d5 7. Qxc5 Nxe4
8. Qe3 Re8 9. O-O Kg8 10. d3 Nf6 11. Re1 e4 12. dxe4 dxe4 13. Ng5 Nd4 14. Rd1
Nf3+ 15. Nxf3 Qxd1+ 16. Ne1 Ng4 17. Qd2 Rd8 18. Qxd1 Rxd1 19. Bd2 e3 20. fxe3
Nxe3 21. Nc3 Rxa1 22. Kf2 Nd1+ 23. Nxd1 Rxd1 0-1

[Event "AUTO-OPEN-831"]
[Site "http://www.queenalice.com/game.php?id=272585"]
[Date "2007.9.16"]
[Round "1"]
[White "Brodthuhn"]
[Black "amore"]
[Result "1-0"]
[WhiteElo "1998"]
[BlackElo "1725"]

1. d4 c6 2. e4 b5 3. Nf3 g6 4. a4 Bg7 5. axb5 Qa5+ 6. Rxa5 Nf6 7. Nc3 Bb7 8. Bf4
d6 9. e5 dxe5 10. dxe5 Nd5 11. bxc6 Nxc6 12. Nxd5 Rd8 13. Nc7+ 1-0

[Event "AUTO-OPEN-636"]
[Site "http://www.queenalice.com/game.php?id=283117"]
[Date "2007.10.8"]
[Round "2"]
[White "R_Mutt"]
[Black "amore"]
[Result "1-0"]
[WhiteElo "2301"]
[BlackElo "1727"]

1. Nc3 c5 2. Nf3 Nc6 3. e4 d6 4. d4 Nxd4 5. Nxd4 cxd4 6. Qxd4 e5 7. Qe3 Nf6 8.
Bc4 Be7 9. O-O O-O 10. Rd1 Ng4 11. Qd3 Qb6 12. Qe2 Bh4 13. g3 Bg5 14. Bxg5 Qxb2
15. Nd5 Be6 16. Rab1 Qa3 17. Ne7+ Kh8 18. Bxe6 fxe6 19. Qxg4 Qc5 20. Be3 Qc7 21.
Qxe6 Rae8 22. Ng6+ hxg6 23. Qxg6 Rf6 24. Qxe8+ Kh7 25. Rd2 b6 26. g4 Qf7 27.
Qxf7 1-0

[Event "AUTO-OPEN-636"]
[Site "http://www.queenalice.com/game.php?id=283118"]
[Date "2007.10.8"]
[Round "2"]
[White "amore"]
[Black "R_Mutt"]
[Result "0-1"]
[WhiteElo "1729"]
[BlackElo "2294"]

1. e4 e5 2. Nf3 d5 3. exd5 e4 4. Nd4 c6 5. c4 Nf6 6. Nc3 Bc5 7. Nde2 Qb6 8. d4
exd3 9. Qxd3 Bxf2+ 10. Kd2 Nbd7 11. Ne4 O-O 12. b3 Nxe4+ 13. Qxe4 cxd5 14. cxd5
Nf6 15. Qd3 Nxd5 16. Bb2 Rd8 17. Kc1 Be3+ 18. Kb1 Nb4 19. Qc3 Bf5+ 0-1

[Event "AUTO-OPEN-636"]
[Site "http://www.queenalice.com/game.php?id=283125"]
[Date "2007.10.8"]
[Round "2"]
[White "Pato"]
[Black "amore"]
[Result "1-0"]
[WhiteElo "2091"]
[BlackElo "1729"]

1. f4 c5 2. b3 Nc6 3. Bb2 d6 4. Nf3 Bd7 5. e3 g6 6. Bxh8 f6 7. Bc4 a6 8. a4 Qc7
9. Bxg8 O-O-O 10. Bxh7 Bh6 11. Bxf6 exf6 12. Bxg6 Bg4 13. Nc3 Nb4 14. O-O Qg7
15. f5 Rh8 16. Ne4 Kd7 17. h3 Bxf3 18. Rxf3 Nc6 19. d4 cxd4 20. c4 Bxe3+ 21.
Rxe3 Ke7 22. Re1 Ne5 23. Qxd4 Rh4 24. Qxd6# 1-0

[Event "AUTO-OPEN-636"]
[Site "http://www.queenalice.com/game.php?id=283126"]
[Date "2007.10.8"]
[Round "2"]
[White "amore"]
[Black "Pato"]
[Result "0-1"]
[WhiteElo "1742"]
[BlackElo "2095"]

1. e4 e5 2. Nf3 Qe7 3. Nc3 c6 4. Bc4 d6 5. O-O Bg4 6. h3 Bxf3 7. Qxf3 Nf6 8. a3
g6 9. d3 Bg7 10. Bg5 Nbd7 11. b4 h6 12. Bh4 O-O 13. Qe3 Rfe8 14. f4 exf4 15.
Rxf4 g5 16. Bxg5 hxg5 17. Rf3 Ne5 18. Rf2 Nxc4 19. Qxg5 Nxe4 20. Qxe7 Rxe7 21.
Rf4 Nxc3 22. Rxc4 Ne2+ 23. Kf2 Bxa1 24. Rg4+ Kf8 0-1